000 00383pab a2200157 454500
008 180718b2000 xxu||||| |||| 00| 0 eng d
100 _aGoldin, Claudia
245 _aCareer and marriage in the age of the pill
260 _c2000
300 _ap.461-66
362 _aMay
650 _aWomen
700 _aKatz, Lawrence F.
773 _aAmerican Economic Review
909 _a45306
999 _c45306
_d45306